Boroughs de la Ciudad de Nueva York - Estadísticas

Estadísticas generales
  • Esta prueba ha sido intentada 2.988 veces
    2.985 desde el último reinicio
  • La puntuación promedio es 3 de 5
Respuestas en el mapa
Las respuestas están codificadas por una escala verde-roja en el mapa de la prueba según el % correcto abajo.
 
Estadísticas de respuestas
Borough % Correcto
Manhattan
94%
El Bronx
78%
Brooklyn
68%
Queens
67%
Staten Island
40%
No se encontraron pruebas coincidentes
Distribución de puntuación
Porcentaje de gente con cada puntuación
Porcentaje por número respondido
Historial de tus puntuaciones
No has intentado esta prueba desde el último reinicio